000 00589nam a22001817a 4500
005 20251108164952.0
008 250721s1985 xx 000 0 ara d
082 1 4 _a214/خال
100 1 _aالخالدي، محمود
245 1 0 _aالعقيدة و علم الكلام في مناهج البحث و التفكير الإسلامي /
264 1 _aعمان :
_bمكتبة الرسا لة الحديثة،
_c1985.
300 _a103ص
650 1 7 _aالإسلام
650 1 7 _aأصول الدين الإسلامي
650 1 7 _aالتوحيد
942 _2ddc
_cBK
999 _c18683
_d18683